000 00551nam a2200169Ia 4500
008 240729s9999 xx 000 0 und d
022 _a2717-2937
245 0 _aInternational Journal of Research in Industrial Engineering
260 _aIran, Islamic Republic of
260 _bAyandegan Institute of Higher Education,
650 _a Industrial engineering. Management engineering
650 _a Technology (General)
650 _aTechnology
856 _uhttps://doaj.org/toc/71f3da71a3714ae789256784da6a8746
942 _2ddc
942 _cDOAJEJ
999 _c69981
_d69981
945 _a1
_bMadushi Gamage
_c1
_dMadushi Gamage